Attorney-General ex rel Yorkshire Derwent Trust Ltd and another v Brotherton and others (Record no. 28276)

MARC details
000 -LEADER
fixed length control field 01662cab a2200241 4500
001 - CONTROL NUMBER
control field ABS43961
008 - FIXED-LENGTH DATA ELEMENTS--GENERAL INFORMATION
fixed length control field 090401t1991 xxu||||| |||| 00| 0 eng d
035 ## - SYSTEM CONTROL NUMBER
System control number (Sirsi) u44462
041 ## - LANGUAGE CODE
Language code of text/sound track or separate title eng
245 ## - TITLE STATEMENT
Title Attorney-General ex rel Yorkshire Derwent Trust Ltd and another v Brotherton and others
260 ## - PUBLICATION, DISTRIBUTION, ETC.
Date of publication, distribution, etc. 1991
350 ## - PRICE (NR) (BK AM CF MU VM SE) [OBSOLETE]
Price 0
490 ## - SERIES STATEMENT
Series statement Weekly Law Reports
Volume/sequential designation (1991) 2 WLR 1-15(15)
520 ## - SUMMARY, ETC.
Summary, etc. CA 31 July 1990 An originating summons by Attorney-General at the relation of the Trust and Malton Town Council seeking relief against Brotherton (B) and nine other defendants and the Yorkshire Wildlife Trust, by way of a declaration that a public right of navigation subsisted along the course of the River Derwent over along and past the land of which B and each of them respectively claimed to be the owners exercisable by all members of the public in any type or class of vessel capable of navigating the same. The charity and council wished to make the river navigable so that the public would be able to enjoy it as a recreational facility. On the preliminary issue whether a right of navigation was equivalent to a public right of way so as to be capable of being acquired by a long user under Rights of Way Act 1932 , the judge held that on the proper construction of the Act, a right of way over land did not include a public right of navigation along a river. On appeal by the plaintiffs,
650 ## - SUBJECT ADDED ENTRY--TOPICAL TERM
Topical term or geographic name entry element PUBLIC NAVIGATION RIGHTS
650 ## - SUBJECT ADDED ENTRY--TOPICAL TERM
Topical term or geographic name entry element RIGHTS OF WAY ACT 1932 S1
650 ## - SUBJECT ADDED ENTRY--TOPICAL TERM
Topical term or geographic name entry element RIGHTS OF WAY
650 ## - SUBJECT ADDED ENTRY--TOPICAL TERM
Topical term or geographic name entry element RIPARIAN RIGHTS
650 ## - SUBJECT ADDED ENTRY--TOPICAL TERM
Topical term or geographic name entry element RIVERS
690 ## - LOCAL SUBJECT ADDED ENTRY--TOPICAL TERM (OCLC, RLIN)
Topical term or geographic name as entry element HIGHWAYS RIGHTS OF WAY AND EASEMENTS
942 ## - ADDED ENTRY ELEMENTS (KOHA)
Suppress in OPAC 0
948 ## - LOCAL PROCESSING INFORMATION (OCLC); SERIES PART DESIGNATOR (RLIN)
c (OCLC) 04/03/1997
Holdings
Withdrawn status Lost status Source of classification or shelving scheme Damaged status Not for loan Home library Current library Shelving location Date acquired Total Checkouts Full call number Barcode Date last seen Copy number Price effective from Koha item type
    Dewey Decimal Classification     London London Journal article 14/09/1999   ABS43961 44462-1001 06/08/2019 1 06/08/2019 Law report